[Event "GER-chT10 KJ-31 Br01 email"]
[Site "GER email"]
[Date "2013.10.04"]
[Round "?"]
[White "Maetzig, Ralf"]
[Black "Sielaff, Rudolf"]
[Result "1/2-1/2"]
[WhiteElo "1982"]
[BlackElo "2114"]
[PlyCount "67"]
[EventDate "2013.10.15"]
[EventType "tourn (corr)"]
[EventRounds "4"]
[EventCountry "GER"]
[SourceTitle "Corr 2015"]
[Source "ChessBase"]
[SourceDate "2015.07.17"]
[SourceVersion "1"]
[SourceVersionDate "2015.07.17"]
[SourceQuality "1"]

1. d4 d5 2. c4 c6 3. Nf3 Nf6 4. Nc3 dxc4 5. a4 Bf5 6. Ne5 Nbd7 7. Nxc4 Nb6 8. Ne5 a5 9. f3 Nfd7 10. e4 Nxe5 11. dxe5 Qxd1+ 12. Kxd1 Be6 13. Kc2 f6 14. Rb1 fxe5 15. b4 Nc4 16. Bxc4 Bxc4 17. bxa5 0-0-0 18. Rd1 Rxd1 19. Nxd1 e6 20. Ne3 Ba6 21. Bb2 Bd6 22. Ng4 Rd8 23. Rd1 h5 24. Nxe5 Bxe5 25. Bxe5 Rxd1 26. Kxd1 g5 27. Kd2 g4 28. f4 g3 29. hxg3 Bf1 30. f5 exf5 31. exf5 Kd7 32. Ke3 Bxg2 33. Kf4 Ke8 34. Bd4 1/2-1/2

[Event "GER-chT10 KJ-31 Br01 email"]
[Site "GER email"]
[Date "2013.10.04"]
[Round "?"]
[White "Sielaff, Rudolf"]
[Black "De Homont, Rene"]
[Result "1/2-1/2"]
[WhiteElo "2114"]
[BlackElo "2108"]
[PlyCount "81"]
[EventDate "2013.10.15"]
[EventType "tourn (corr)"]
[EventRounds "4"]
[EventCountry "GER"]
[SourceTitle "Corr 2015"]
[Source "ChessBase"]
[SourceDate "2015.07.17"]
[SourceVersion "1"]
[SourceVersionDate "2015.07.17"]
[SourceQuality "1"]

1. e4 c6 2. d4 d5 3. exd5 cxd5 4. c4 Nf6 5. Nc3 Nc6 6. Bg5 dxc4 7. Bxc4 h6 8. Bf4 e6 9. Nf3 Bd6 10. Be5 0-0 11. 0-0 a6 12. Bb3 Bb8 13. Rc1 Nxe5 14. Nxe5 b5 15. Qf3 Ra7 16. Ne4 Nxe4 17. Qxe4 Rc7 18. Rxc7 Qxc7 19. Bc2 f5 20. Qd3 Rd8 21. Re1 Qb6 22. Nf3 a5 23. h4 Qc6 24. Qd2 Bc7 25. a3 a4 26. Bd3 Bb6 27. Qb4 Rd5 28. Bb1 Qc4 29. Qe7 Rd8 30. h5 Rf8 31. Qd6 Bc7 32. Qe7 Ba5 33. Rd1 Qe2 34. Rc1 Qxb2 35. Rxc8 Qxb1+ 36. Kh2 Rxc8 37. Qxe6+ Kh7 38. Qxc8 Qe4 39. Ne5 Qh4+ 40. Kg1 Qxh5 41. Nd7 1/2-1/2

[Event "GER-chT10 KJ-31 Br01 email"]
[Site "GER email"]
[Date "2013.10.04"]
[Round "?"]
[White "Sielaff, Rudolf"]
[Black "Gebur, Thomas"]
[Result "0-1"]
[WhiteElo "2114"]
[BlackElo "1935"]
[PlyCount "80"]
[EventDate "2013.10.15"]
[EventType "tourn (corr)"]
[EventRounds "4"]
[EventCountry "GER"]
[SourceTitle "Corr 2015"]
[Source "ChessBase"]
[SourceDate "2015.07.17"]
[SourceVersion "1"]
[SourceVersionDate "2015.07.17"]
[SourceQuality "1"]

1. d4 f5 2. g3 Nf6 3. Bg2 g6 4. Nf3 Bg7 5. 0-0 0-0 6. c4 d6 7. Nc3 c6 8. d5 e5 9. dxe6 Bxe6 10. b3 Na6 11. Ng5 Bc8 12. Bb2 Qe7 13. Qd2 h6 14. Nf3 Be6 15. Nd4 Bf7 16. Rad1 Nc5 17. Qc2 a5 18. Rfe1 Rfe8 19. Nxc6 bxc6 20. Bxc6 Rac8 21. Bxe8 Bxe8 22. f3 a4 23. b4 Qe3+ 24. Kf1 Nce4 25. Nxe4 fxe4 26. Rxd6 Bd7 27. Rxd7 Nxd7 28. Qxa4 Bxb2 29. Qxd7 Rf8 30. Qe6+ Kh8 31. Rd1 Bd4 32. Rxd4 Qxd4 33. f4 Rf6 34. Qc8+ Kg7 35. h4 Qe3 36. Qc7+ Rf7 37. Qe5+ Kh7 38. Qe8 Rg7 39. f5 Qxg3 40. fxg6+ Qxg6 0-1

[Event "GER-chT9 KI-35 Br03 email"]
[Site "GER email"]
[Date "2011.10.17"]
[Round "?"]
[White "Sielaff, Rudolf"]
[Black "Vieth, Martin"]
[Result "1-0"]
[WhiteElo "2131"]
[BlackElo "1904"]
[PlyCount "139"]
[EventDate "2011.10.23"]
[EventType "tourn (corr)"]
[EventRounds "4"]
[EventCountry "GER"]
[SourceTitle "Corr 2015"]
[Source "ChessBase"]
[SourceDate "2015.07.17"]
[SourceVersion "1"]
[SourceVersionDate "2015.07.17"]
[SourceQuality "1"]
[WhiteTeam "Germany"]
[BlackTeam "Latvia"]
[WhiteTeamCountry "GER"]
[BlackTeamCountry "LAT"]

1. d4 g6 2. e4 Bg7 3. Nc3 d6 4. Be3 Nf6 5. Qd2 0-0 6. f3 c6 7. h4 b5 8. h5 Nxh5 9. Bh6 e5 10. Bxg7 Kxg7 11. g4 Nf4 12. Nce2 Qg5 13. Nxf4 Qxf4 14. Qxf4 exf4 15. Nh3 Na6 16. Nxf4 Nc7 17. Kd2 h6 18. c3 a5 19. Ke3 Re8 20. Be2 Bd7 21. Nd3 f6 22. a4 Ra7 23. Kf2 Ne6 24. axb5 cxb5 25. Kg3 a4 26. Nb4 Rc8 27. Bd3 Rca8 28. Ra3 Rc8 29. Rh2 Rb7 30. Ra1 Ra7 31. Nd5 Bc6 32. Ne3 Ng5 33. Nc2 Nf7 34. f4 Ra5 35. Kf3 g5 36. Ne3 Bd7 37. f5 Ra7 38. Nd5 Bc6 39. Nb4 Bd7 40. Bb1 Rh8 41. Ba2 Be8 42. Rah1 Nd8 43. Bd5 Rc7 44. Ke3 Re7 45. Kd3 Ra7 46. Nc2 Nc6 47. Bxc6 Bxc6 48. d5 Be8 49. Nd4 h5 50. gxh5 Kh6 51. Nc2 Rah7 52. Kd4 Kg7 53. Na3 Bd7 54. Rc1 Rb8 55. Nc2 Be8 56. Rch1 Kh6 57. Ne3 Rf7 58. Ra1 b4 59. Ng4+ Kg7 60. c4 b3 61. h6+ Kh7 62. Rh3 Rf8 63. Rc3 Bh5 64. Nf2 Ra8 65. c5 dxc5+ 66. Rxc5 Rf7 67. Rb5 Rc8 68. Rxa4 Rc2 69. Nd3 Rd2 70. Kc3 1-0

[Event "GER-chT Seniors 17th"]
[Site "Berlin"]
[Date "2008.09.06"]
[Round "7"]
[White "Sielaff, Rudolf"]
[Black "Troeger, Rainer"]
[Result "0-1"]
[WhiteElo "2095"]
[BlackElo "2188"]
[PlyCount "90"]
[EventDate "2008.08.31"]
[EventType "team-swiss"]
[EventRounds "7"]
[EventCountry "GER"]
[SourceTitle "CBM 126 Extra"]
[Source "ChessBase"]
[SourceDate "2008.11.05"]
[SourceVersion "1"]
[SourceVersionDate "2008.11.05"]
[SourceQuality "1"]

1. d4 g6 2. Nf3 Bg7 3. Bf4 c5 4. e3 Nf6 5. c3 b6 6. h3 Bb7 7. Be2 0-0 8. 0-0 d6 9. a4 Nbd7 10. Bh2 Qc7 11. Nbd2 a6 12. Qb1 Rae8 13. Rc1 Qb8 14. b4 Qa8 15. Nc4 Ne4 16. bxc5 bxc5 17. Na5 Bd5 18. c4 Be6 19. Bd3 f5 20. Ra3 Rb8 21. Qc2 Ndf6 22. Nb3 Rfc8 23. dxc5 Nxc5 24. Nfd4 Bf7 25. Nxc5 Rxc5 26. Nb3 Rc6 27. a5 Rbc8 28. Nd4 R6c7 29. Rc3 f4 30. Qd2 e5 31. Nb3 g5 32. Bf5 Rd8 33. Rd3 Rc6 34. exf4 gxf4 35. f3 Kh8 36. Kh1 Bxc4 37. Rxc4 Rxc4 38. Rxd6 Rxd6 39. Qxd6 Nh5 40. Bb1 Rc3 41. Qe6 Qg8 42. Qf5 Rxb3 43. Ba2 Re3 44. Bxg8 Re1+ 45. Bg1 Ng3+ 0-1

[Event "GER-chT Seniors 17th"]
[Site "Berlin"]
[Date "2008.09.03"]
[Round "4"]
[White "Braeunlin, Klaus"]
[Black "Sielaff, Rudolf"]
[Result "1/2-1/2"]
[WhiteElo "2150"]
[BlackElo "2095"]
[PlyCount "28"]
[EventDate "2008.08.31"]
[EventType "team-swiss"]
[EventRounds "7"]
[EventCountry "GER"]
[SourceTitle "CBM 126 Extra"]
[Source "ChessBase"]
[SourceDate "2008.11.05"]
[SourceVersion "1"]
[SourceVersionDate "2008.11.05"]
[SourceQuality "1"]

1. e4 d5 2. exd5 Qxd5 3. Nc3 Qd6 4. d4 Nf6 5. Be2 a6 6. Bf3 Nc6 7. Nge2 Bf5 8. 0-0 e6 9. Bf4 Qd7 10. Be5 0-0-0 11. a3 Nxe5 12. dxe5 Qxd1 13. Raxd1 Rxd1 14. Rxd1 Ng4 1/2-1/2

[Event "GER-chT Seniors 17th"]
[Site "Berlin"]
[Date "2008.09.02"]
[Round "3"]
[White "Sielaff, Rudolf"]
[Black "Hamm, Georg"]
[Result "1-0"]
[WhiteElo "2095"]
[BlackElo "2135"]
[PlyCount "79"]
[EventDate "2008.08.31"]
[EventType "team-swiss"]
[EventRounds "7"]
[EventCountry "GER"]
[SourceTitle "CBM 126 Extra"]
[Source "ChessBase"]
[SourceDate "2008.11.05"]
[SourceVersion "1"]
[SourceVersionDate "2008.11.05"]
[SourceQuality "1"]

1. d4 d6 2. Nf3 c6 3. c3 Nf6 4. h3 Qb6 5. Qb3 Nbd7 6. Bf4 g6 7. Nbd2 Bg7 8. e3 0-0 9. Bc4 Qxb3 10. axb3 b5 11. Bd3 Re8 12. e4 Bb7 13. 0-0 a6 14. Rfe1 Rad8 15. Bg5 h6 16. Bh4 Nh5 17. g4 Nf4 18. Bf1 g5 19. Bg3 e5 20. h4 Ne6 21. dxe5 Nxe5 22. Bxe5 dxe5 23. hxg5 hxg5 24. b4 c5 25. bxc5 Nxc5 26. b4 Ne6 27. c4 bxc4 28. Bxc4 Bf8 29. Reb1 Nc7 30. Rb2 Be7 31. Nxe5 Bf6 32. Nxf7 Bxb2 33. Nxd8+ Kg7 34. Ra2 Rxd8 35. Rxb2 Rd4 36. f3 Kf6 37. Kf2 Ke5 38. Ke3 Ne8 39. Ra2 Rd6 40. Ra5+ 1-0

[Event "GER-chT Seniors 17th"]
[Site "Berlin"]
[Date "2008.09.01"]
[Round "2"]
[White "Adibekian, Roubik"]
[Black "Sielaff, Rudolf"]
[Result "1-0"]
[WhiteElo "2232"]
[BlackElo "2095"]
[PlyCount "67"]
[EventDate "2008.08.31"]
[EventType "team-swiss"]
[EventRounds "7"]
[EventCountry "GER"]
[SourceTitle "CBM 126 Extra"]
[Source "ChessBase"]
[SourceDate "2008.11.05"]
[SourceVersion "1"]
[SourceVersionDate "2008.11.05"]
[SourceQuality "1"]

1. d4 d5 2. Nf3 Nf6 3. c4 e6 4. g3 c6 5. Bg2 Nbd7 6. Nbd2 Bd6 7. 0-0 0-0 8. Qc2 Re8 9. e4 Nxe4 10. Nxe4 dxe4 11. Qxe4 e5 12. dxe5 Nxe5 13. Nxe5 Bxe5 14. Qc2 Qf6 15. a4 Bf5 16. Qb3 Re7 17. a5 Rd8 18. Be3 Rd3 19. Rad1 Rdd7 20. Qxb7 Qe6 21. Qc8+ Re8 22. Qxd7 Qxd7 23. Rxd7 Bxd7 24. Rd1 Bg4 25. Rd2 g6 26. h3 Be6 27. Bxa7 Bxc4 28. Bxc6 Rc8 29. Bf3 Ba6 30. Be3 Rc1+ 31. Kh2 Kg7 32. Rd5 Bxb2 33. Bxc1 Bxc1 34. Rd6 1-0

[Event "GER-chT2 LF-21 B2 email"]
[Site "GER email"]
[Date "2007.??.??"]
[Round "?"]
[White "Sielaff, Rudolf"]
[Black "Hase, Michael"]
[Result "1/2-1/2"]
[WhiteElo "2131"]
[BlackElo "2150"]
[PlyCount "48"]
[EventDate "2007.??.??"]
[EventType "team (corr)"]
[EventRounds "9"]
[EventCountry "GER"]
[SourceTitle "Corr 2008"]
[Source "ChessBase"]
[SourceDate "2008.06.24"]
[SourceVersion "1"]
[SourceVersionDate "2008.06.24"]
[SourceQuality "1"]

1. d4 d5 2. Nf3 Nf6 3. Bf4 c5 4. c3 Qb6 5. Qb3 c4 6. Qxb6 axb6 7. Na3 Na6 8. h3 Bd7 9. Nc2 Ba4 10. Rc1 b5 11. a3 e6 12. e3 Ne4 13. Nd2 Bxc2 14. Rxc2 Nxd2 15. Rxd2 Kd7 16. g3 f6 17. h4 Bd6 18. Bxd6 Kxd6 19. Bg2 f5 20. f3 Rhf8 21. h5 Rae8 22. e4 Nb8 23. e5+ Kd7 24. f4 Nc6 1/2-1/2

[Event "GER-chT2 LF-21 B2 email"]
[Site "GER email"]
[Date "2007.??.??"]
[Round "?"]
[White "Sielaff, Rudolf"]
[Black "Keller, Harald"]
[Result "1/2-1/2"]
[WhiteElo "2131"]
[BlackElo "2092"]
[PlyCount "54"]
[EventDate "2007.??.??"]
[EventType "team (corr)"]
[EventRounds "9"]
[EventCountry "GER"]
[SourceTitle "Corr 2008"]
[Source "ChessBase"]
[SourceDate "2008.06.24"]
[SourceVersion "1"]
[SourceVersionDate "2008.06.24"]
[SourceQuality "1"]

1. d4 Nf6 2. c4 e5 3. dxe5 Ng4 4. Nf3 Bc5 5. e3 Nc6 6. Be2 Ngxe5 7. 0-0 0-0 8. Nd4 d6 9. Nc3 a5 10. b3 Re8 11. Bb2 Bd7 12. a3 Rc8 13. Nd5 Ne7 14. b4 Bxd4 15. Qxd4 c5 16. Nxe7+ Qxe7 17. bxc5 dxc5 18. Qxe5 Qxe5 19. Bxe5 Rxe5 20. Rab1 Bc6 21. Bf3 Rd8 22. Rfd1 Rxd1+ 23. Rxd1 Kf8 24. Rb1 Re8 25. Bxc6 bxc6 26. Kf1 Re4 27. Rc1 Re8 1/2-1/2

[Event "GER-chT2 LF-21 B2 email"]
[Site "GER email"]
[Date "2007.??.??"]
[Round "?"]
[White "Sielaff, Rudolf"]
[Black "Skarke, Hermann"]
[Result "1/2-1/2"]
[WhiteElo "2131"]
[BlackElo "2284"]
[PlyCount "81"]
[EventDate "2007.??.??"]
[EventType "team (corr)"]
[EventRounds "9"]
[EventCountry "GER"]
[SourceTitle "Corr 2008"]
[Source "ChessBase"]
[SourceDate "2008.06.24"]
[SourceVersion "1"]
[SourceVersionDate "2008.06.24"]
[SourceQuality "1"]

1. d4 Nf6 2. c4 e6 3. Nf3 c5 4. d5 exd5 5. cxd5 d6 6. Nc3 g6 7. e4 Bg7 8. h3 0-0 9. Bd3 b5 10. Bxb5 Nxe4 11. Nxe4 Qa5+ 12. Nfd2 Qxb5 13. Nxd6 Qa6 14. N2c4 Nd7 15. 0-0 Nb6 16. Nxb6 Qxb6 17. Nxc8 Raxc8 18. Rb1 Rfd8 19. Bf4 Qb7 20. d6 Bf8 21. Qd3 Bxd6 22. Bxd6 Rc6 23. Rfd1 Qd7 24. Qa3 Rxd6 25. Rxd6 Qxd6 26. Qxa7 Re8 27. Qa5 Re2 28. Qc3 Qb6 29. a4 c4 30. Rf1 Qb3 31. Rc1 Rxb2 32. Qxc4 Qxc4 33. Rxc4 h5 34. h4 Kg7 35. a5 Ra2 36. Rc5 Ra4 37. g3 Kf6 38. Rc6+ Kf5 39. Ra6 g5 40. hxg5 Kxg5 41. Kg2 1/2-1/2

[Event "Chiemgau Seniors Cup 1st"]
[Site "Bergen"]
[Date "2005.10.18"]
[Round "8"]
[White "Sielaff, Rudolf"]
[Black "Zehfuss, Helmut"]
[Result "1-0"]
[WhiteElo "2127"]
[BlackElo "1837"]
[PlyCount "67"]
[EventDate "2005.10.11"]
[EventType "swiss"]
[EventRounds "9"]
[EventCountry "GER"]
[SourceTitle "EXT 2007"]
[Source "ChessBase"]
[SourceDate "2006.11.23"]
[SourceVersion "1"]
[SourceVersionDate "2006.11.23"]
[SourceQuality "1"]

1. d4 Nf6 2. Nf3 g6 3. Bf4 Bg7 4. e3 d6 5. h3 0-0 6. Be2 Re8 7. 0-0 Nbd7 8. c3 e5 9. dxe5 dxe5 10. Nxe5 c6 11. Nxd7 Bxd7 12. Qb3 Nd5 13. Bg3 b5 14. c4 Nb6 15. cxb5 Be6 16. Qc2 Bf5 17. Qc1 Qf6 18. Nc3 cxb5 19. Bxb5 Rec8 20. Ba6 Rc5 21. Bb7 Re8 22. e4 Bc8 23. Bxc8 Rexc8 24. Qf4 Qe6 25. Qd6 Qe8 26. Nd5 Nxd5 27. exd5 Bxb2 28. Rab1 Rc2 29. Qa6 Qd7 30. d6 R2c6 31. Qa4 Bc3 32. Rbc1 Bf6 33. Rxc6 Qxc6 34. d7 1-0

[Event "Chiemgau Seniors Cup 1st"]
[Site "Bergen"]
[Date "2005.10.12"]
[Round "3"]
[White "Roggenstein, Bruno"]
[Black "Sielaff, Rudolf"]
[Result "1/2-1/2"]
[WhiteElo "1879"]
[BlackElo "2127"]
[PlyCount "35"]
[EventDate "2005.10.11"]
[EventType "swiss"]
[EventRounds "9"]
[EventCountry "GER"]
[SourceTitle "EXT 2007"]
[Source "ChessBase"]
[SourceDate "2006.11.23"]
[SourceVersion "1"]
[SourceVersionDate "2006.11.23"]
[SourceQuality "1"]

1. d4 d5 2. c4 e6 3. Nf3 Be7 4. Nc3 Nf6 5. h3 0-0 6. Bg5 h6 7. Bh4 b6 8. e3 Bb7 9. Bd3 dxc4 10. Bxc4 Ne4 11. Bxe7 Qxe7 12. 0-0 Nd7 13. Rc1 Rac8 14. Nxe4 Bxe4 15. Ba6 Rcd8 16. Rxc7 Qd6 17. Rc3 Qd5 18. Bc4 1/2-1/2

[Event "GER-chT Seniors 14th"]
[Site "Sottrum"]
[Date "2005.09.21"]
[Round "4"]
[White "Franck, Rudolf"]
[Black "Sielaff, Rudolf"]
[Result "1/2-1/2"]
[WhiteElo "2194"]
[BlackElo "2127"]
[PlyCount "67"]
[EventDate "2005.09.18"]
[EventType "team-swiss"]
[EventRounds "7"]
[EventCountry "GER"]
[SourceTitle "CBM 108 Extra"]
[Source "ChessBase"]
[SourceDate "2005.11.04"]
[SourceVersion "1"]
[SourceVersionDate "2005.11.04"]
[SourceQuality "1"]

1. d4 d5 2. e3 Nf6 3. Bd3 e6 4. Nd2 c5 5. c3 Nbd7 6. f4 Qc7 7. Nh3 Bd6 8. 0-0 b6 9. Nf3 Ne4 10. Bxe4 dxe4 11. Nfg5 Nf6 12. dxc5 Bxc5 13. Nxe4 Nxe4 14. Qa4+ Bd7 15. Qxe4 Bc6 16. Qc2 Qb7 17. Ng5 Be7 18. Nf3 0-0 19. Nd4 Be4 20. Qf2 Bf6 21. b3 Bxd4 22. exd4 f5 23. Bb2 Rf6 24. g3 Rg6 25. Rad1 b5 26. Ba3 h5 27. h4 Rc8 28. Qe3 Qa6 29. Bc5 Qxa2 30. Rf2 Qxb3 31. Ra1 a6 32. Ra3 Qc4 33. Bb4 Bb7 34. Kh2 1/2-1/2

[Event "GER-chT Seniors 14th"]
[Site "Sottrum"]
[Date "2005.09.19"]
[Round "2"]
[White "Sielaff, Rudolf"]
[Black "Worm, Alfred"]
[Result "0-1"]
[WhiteElo "2127"]
[BlackElo "1690"]
[PlyCount "111"]
[EventDate "2005.09.18"]
[EventType "team-swiss"]
[EventRounds "7"]
[EventCountry "GER"]
[SourceTitle "CBM 108 Extra"]
[Source "ChessBase"]
[SourceDate "2005.11.04"]
[SourceVersion "1"]
[SourceVersionDate "2005.11.04"]
[SourceQuality "1"]

1. d4 Nf6 2. Nf3 b6 3. Bf4 Bb7 4. e3 e6 5. Nbd2 Nh5 6. Bg5 Nf6 7. Bd3 h6 8. Bxf6 Qxf6 9. 0-0 d5 10. Ne5 Bd6 11. Ndf3 0-0 12. h3 c5 13. c3 Qe7 14. Rc1 Nd7 15. Nxd7 Qxd7 16. Ne5 Bxe5 17. dxe5 Rac8 18. Qe2 d4 19. e4 Rfd8 20. Rfd1 Qc7 21. cxd4 Rxd4 22. f4 Rcd8 23. Bc2 Qd7 24. Kh2 Rd2 25. Rxd2 Qxd2 26. Qxd2 Rxd2 27. Kg3 g5 28. fxg5 hxg5 29. Kf3 Kg7 30. g3 Rh2 31. h4 gxh4 32. gxh4 Rxh4 33. Kg3 Rh5 34. Rd1 Rg5+ 35. Kf3 Bc6 36. a4 Rf5+ 37. Kg3 Rxe5 38. Kf4 Rh5 39. Rd6 Rh2 40. Bd1 Be8 41. Rd8 Kf8 42. b3 Ke7 43. Ra8 Rd2 44. Rxa7+ Rd7 45. Rxd7+ Bxd7 46. e5 f6 47. Bf3 f5 48. Kg5 Bc8 49. Bc6 Ba6 50. Ba8 Bd3 51. Bc6 Bc2 52. Kf4 Bxb3 53. Ke3 Bd5 54. Bb5 Kd8 55. Be2 Kc7 56. Kd3 0-1

[Event "Bayern-ch Seniors 17th"]
[Site "Schloss Schney"]
[Date "2005.06.17"]
[Round "8"]
[White "Sielaff, Rudolf"]
[Black "Kraft, Hans"]
[Result "1/2-1/2"]
[WhiteElo "2009"]
[BlackElo "2027"]
[PlyCount "41"]
[EventDate "2005.06.10"]
[EventType "swiss"]
[EventRounds "9"]
[EventCountry "GER"]
[SourceTitle "EXT 2006"]
[Source "ChessBase"]
[SourceDate "2005.11.24"]
[SourceVersion "1"]
[SourceVersionDate "2005.11.24"]
[SourceQuality "1"]

1. d4 Nf6 2. Nf3 g6 3. Bf4 Bg7 4. e3 d6 5. h3 c5 6. c3 0-0 7. Be2 b6 8. 0-0 Bb7 9. a4 a6 10. Nbd2 cxd4 11. exd4 Nc6 12. Bh2 Qc7 13. Re1 h6 14. Bd3 Rae8 15. Qe2 Nb8 16. Ne4 Nfd7 17. Ned2 Nf6 18. Ne4 Nxe4 19. Bxe4 Nd7 20. Bxb7 Qxb7 21. Qc4 1/2-1/2

[Event "Bayern-ch Seniors 17th"]
[Site "Schloss Schney"]
[Date "2005.06.16"]
[Round "7"]
[White "Wawrinsky, Ludwig"]
[Black "Sielaff, Rudolf"]
[Result "0-1"]
[WhiteElo "1811"]
[BlackElo "2009"]
[PlyCount "62"]
[EventDate "2005.06.10"]
[EventType "swiss"]
[EventRounds "9"]
[EventCountry "GER"]
[SourceTitle "EXT 2006"]
[Source "ChessBase"]
[SourceDate "2005.11.24"]
[SourceVersion "1"]
[SourceVersionDate "2005.11.24"]
[SourceQuality "1"]

1. e4 c5 2. Nc3 Nc6 3. f4 e6 4. Bb5 Nd4 5. Nf3 a6 6. Be2 d6 7. d3 Qc7 8. Be3 Nxe2 9. Qxe2 Nf6 10. 0-0 Be7 11. h3 0-0 12. Qf2 b5 13. g4 Bb7 14. Rae1 d5 15. Bc1 b4 16. Nd1 dxe4 17. dxe4 Nxe4 18. Qh2 c4 19. h4 Bc5+ 20. Kg2 Rad8 21. Kh3 b3 22. a3 Qb6 23. Be3 Rxd1 24. Bxc5 Rxe1 25. Bxb6 Rxf1 26. Qe2 Rxf3+ 27. Kh2 bxc2 28. Qxc2 Rd8 29. Qa4 Rd2+ 30. Kg1 Nf6 31. g5 Rg2+ 0-1

[Event "Bayern-ch Seniors 17th"]
[Site "Schloss Schney"]
[Date "2005.06.15"]
[Round "6"]
[White "Petzenhauser, Isfried"]
[Black "Sielaff, Rudolf"]
[Result "0-1"]
[WhiteElo "1749"]
[BlackElo "2009"]
[PlyCount "76"]
[EventDate "2005.06.10"]
[EventType "swiss"]
[EventRounds "9"]
[EventCountry "GER"]
[SourceTitle "EXT 2006"]
[Source "ChessBase"]
[SourceDate "2005.11.24"]
[SourceVersion "1"]
[SourceVersionDate "2005.11.24"]
[SourceQuality "1"]

1. d4 Nf6 2. Nc3 d5 3. e4 dxe4 4. f3 exf3 5. Nxf3 Bg4 6. h3 Bh5 7. g4 Bg6 8. Ne5 e6 9. Bg2 c6 10. 0-0 Nbd7 11. Nxg6 hxg6 12. Bf4 Nb6 13. Qd3 Nbd5 14. Bh2 Bd6 15. Qf3 Bxh2+ 16. Kxh2 Ne3 17. Kg1 Nxf1 18. Rd1 Qd6 19. Bxf1 g5 20. Bg2 Qf4 21. Qe2 0-0-0 22. Nb5 cxb5 23. Qxb5 Rd7 24. Rd3 Ne4 25. Rf3 Qc1+ 26. Kh2 Nd6 27. Qc5+ Kb8 28. Ra3 Qf4+ 29. Kg1 Nc8 30. c3 Qe3+ 31. Kh2 e5 32. Qb5 Rhd8 33. Rb3 Nd6 34. Qd5 exd4 35. cxd4 Qf4+ 36. Kh1 Rc8 37. Rc3 Rxc3 38. bxc3 Rc7 0-1

[Event "Bayern-ch Seniors 17th"]
[Site "Schloss Schney"]
[Date "2005.06.12"]
[Round "3"]
[White "Sielaff, Rudolf"]
[Black "Theuermeister, Peter"]
[Result "1/2-1/2"]
[WhiteElo "2009"]
[BlackElo "1754"]
[PlyCount "163"]
[EventDate "2005.06.10"]
[EventType "swiss"]
[EventRounds "9"]
[EventCountry "GER"]
[SourceTitle "EXT 2006"]
[Source "ChessBase"]
[SourceDate "2005.11.24"]
[SourceVersion "1"]
[SourceVersionDate "2005.11.24"]
[SourceQuality "1"]

1. d4 Nf6 2. Nf3 g6 3. Bf4 Bg7 4. e3 d6 5. h3 0-0 6. Be2 c5 7. 0-0 Qb6 8. Nbd2 cxd4 9. Nc4 Qd8 10. exd4 b5 11. Ncd2 Qb6 12. c3 Nd5 13. Bh2 Bb7 14. Qb3 a6 15. a4 bxa4 16. Rxa4 Qxb3 17. Nxb3 Bc6 18. Raa1 Nc7 19. Na5 Nb5 20. Nxc6 Nxc6 21. d5 Ne5 22. Nxe5 dxe5 23. Ra5 Nc7 24. Rfa1 Rfd8 25. Bc4 Rab8 26. b3 Nb5 27. Rc1 Rb6 28. f3 Bh6 29. Rc2 Bf4 30. g3 Be3+ 31. Kf1 Bc5 32. b4 Bd6 33. Bg1 Rbb8 34. Rxa6 Rdc8 35. Bxb5 Rxb5 36. Ra5 Rxb4 37. Ke2 Rbc4 38. Kd3 f5 39. Rb5 e4+ 40. fxe4 fxe4+ 41. Kd2 Bxg3 42. Be3 Be5 43. Rb3 Kf7 44. Bg5 R8c7 45. Ra3 R7c5 46. Ra7 Rxd5+ 47. Ke2 Bf6 48. Bd2 Rh5 49. Rc1 Rxh3 50. Rf1 Ke6 51. Ra6+ Kd5 52. Ra5+ Rc5 53. c4+ Kc6 54. Ra6+ Kb7 55. Ra4 Rh2+ 56. Kd1 Rc7 57. Re1 Rd7 58. Re2 Rxe2 59. Kxe2 h5 60. Bf4 h4 61. Ke3 g5 62. Bh2 g4 63. Kxe4 g3 64. Bg1 h3 65. Ra2 h2 66. Bxh2 gxh2 67. Rxh2 Rd4+ 68. Kf5 Rxc4 69. Rd2 Kc6 70. Ke6 Re4+ 71. Kf5 Re5+ 72. Kg4 Re4+ 73. Kf5 Rd4 74. Ra2 Kb5 75. Rc2 Rc4 76. Rd2 Kc5 77. Rd7 Kc6 78. Rd1 Rc5+ 79. Kf4 Bg5+ 80. Ke4 Bf6 81. Rd3 Re5+ 82. Kf4 1/2-1/2